000 00586nam a2200205Ia 4500
005 20250508170031.0
008 008 250505s9999 xx 000 0 eng d
020 _a0-679-73425-2
037 _aTextual
040 _aFEDL
_beng
_cFEDL
041 _aeng
_2eng
084 _a379.414, BAS
_qFEDL
100 _aBass Catriona
_9602911
245 0 _aEducation in Tibet policy and practice since 1950
260 _aLondon, UK
_bZed Books
300 _axvii, 300p.
546 _aGifted by Prof. Anita Rampal
942 _cTEXL
_h379.414, BAS
999 _c1398821
_d1398821